000 00559nam a2200181Ia 4500
008 151018s9999 xx 000 0 und d
082 _bRBASDV25225
_a891.468
100 _aशिरीष पै
245 _aमैलोन मैल
250 _b1
260 _bज्ञानदा पब्लिकेशन प्रा लि पुणे
_c1994
300 _a166
600 _aशिरीष पै
630 _aमैलोन मैल
700 _aशिरीष पै
730 _aमैलोन मैल
942 _cBOOK
999 _c1024847
_d1024844